000 00701cam a22002053 4500
001 tmp96009737
003 DLC
005 20260227112754.0
008 081021s1947 fr a 000 1 fre
010 _atmp96009737
040 _aDLC
_cDLC
_dDLC
050 0 0 _a4PQ Fr 874
100 1 _aCyrano de Bergerac,
_d1619-1655.
245 1 2 _aL'autre monde, ou, Les états et empires de la lune et du soleil;
_cCyrano de Bergerac; préface d'Ernest Tisserand; illustrations de Jacqueline Charmot.
260 _aParis,
_bStock,
_c1947.
300 _a335 p.
_billus.
_c20 cm.
490 0 _aVoyages imaginaires ;
_v5
700 1 _aTisserand, Ernest,
_d1880-
740 0 _aEt́ats et empires de la lune et du soleil.
999 _c91134
_d91134